Worked examples in electrical engineering (Record no. 22933)

000 -LEADER
fixed length control field 00535nam a22002051 4500
001 - CONTROL NUMBER
control field 22933
003 - CONTROL NUMBER IDENTIFIER
control field BD-DhUET
008 - FIXED-LENGTH DATA ELEMENTS--GENERAL INFORMATION
fixed length control field 901018s1969 enka b 001 0 eng
020 ## - INTERNATIONAL STANDARD BOOK NUMBER
International Standard Book Number 0090976304
040 ## - CATALOGING SOURCE
Original cataloging agency DLC
Transcribing agency DLC
Modifying agency BD-DhUET
082 00 - DEWEY DECIMAL CLASSIFICATION NUMBER
Classification number 623
Item number PRA/1969
100 ## - MAIN ENTRY--PERSONAL NAME
Personal name Pratt, W. T.
245 10 - TITLE STATEMENT
Title Worked examples in electrical engineering
250 ## - EDITION STATEMENT
Edition statement 4th ed.
260 ## - PUBLICATION, DISTRIBUTION, ETC. (IMPRINT)
Place of publication, distribution, etc. London
Name of publisher, distributor, etc. Hutchinson
Date of publication, distribution, etc. 1969
300 ## - PHYSICAL DESCRIPTION
Extent xix, 350 p.
Other physical details illus.
Dimensions 22 cm.
504 ## - BIBLIOGRAPHY, ETC. NOTE
Bibliography, etc Includes bibliographies
650 #0 - SUBJECT ADDED ENTRY--TOPICAL TERM
Topical term or geographic name as entry element Electrical engineering
942 ## - ADDED ENTRY ELEMENTS (KOHA)
Koha item type General Book
Holdings
Location (home branch) Koha normalized classification for sorting Koha item type Source of classification or shelving scheme Price effective from Not for loan Sublocation or collection (holding branch) Withdrawn status Shelving location Date acquired Lost status Koha full call number Copy number Koha date last seen Damaged status Piece designation (barcode)
Central Library, BUET623_000000000000000_PRA_1969General Book 2015-05-02 Central Library, BUET Circulation section2015-05-02 623/PRA/196912015-05-02 25774
Central Library, BUET623_000000000000000_PRA_1969Reading Item 2015-06-25 Central Library, BUET Reading section2015-06-25 623/PRA/196922015-06-25 18476
Central Library, BUET623_000000000000000_PRA_1969Reading Item 2015-06-25 Central Library, BUET Reading section2015-06-25 623/PRA/196932015-06-25 18475